Welcome to the Holygrace Academy Library

Please use search bar below to get started

LOVELY FAIRY TALES (Record no. 3405)

MARC details
000 -LEADER
fixed length control field 00446nam a22001697a 4500
020 ## - INTERNATIONAL STANDARD BOOK NUMBER
ISBN 978-93-5049-712-8
082 ## - DEWEY DECIMAL CLASSIFICATION NUMBER
Classification number 823
Item number BAN/R
100 ## - MAIN ENTRY--AUTHOR NAME
Personal name BANSAL, SUNITA PANT
245 ## - TITLE STATEMENT
Title LOVELY FAIRY TALES
246 ## - VARYING FORM OF TITLE
Title proper/short title THE ROSE FAIRIES AND OTHER STORIES
246 ## - VARYING FORM OF TITLE
Title proper/short title THE TALKING HORSE AND OTHER STORIES
260 ## - PUBLICATION, DISTRIBUTION, ETC. (IMPRINT)
Place of publication MUMBAI
Name of publisher SHREE BOOK CENTRE
Year of publication 2017
300 ## - PHYSICAL DESCRIPTION
Number of Pages 30
520 ## - SUMMARY, ETC.
Summary, etc ILLUSTRATED STORIES
650 ## - SUBJECT ADDED ENTRY--TOPICAL TERM
Topical Term ILLUSTRATED STORIES
942 ## - ADDED ENTRY ELEMENTS (KOHA)
Koha item type Books
Holdings
Withdrawn status Lost status Collection code Home library Current library Shelving location Date acquired Source of acquisition Cost, normal purchase price Full call number Accession Number Koha item type
    Fiction Main Library Main Library SHELF 4-H HARDY BOYS,CAPTAIN UNDERPANTHS,TALES FOR CHILDREN 25/10/2019 Purchase 60.00 823 BAN/R 11708 Books
    Fiction Main Library Main Library SHELF 4-H HARDY BOYS,CAPTAIN UNDERPANTHS,TALES FOR CHILDREN 28/10/2019 Purchase 60.00 823 BAN/R 11787 Books
    Fiction Main Library Main Library SHELF 4-H HARDY BOYS,CAPTAIN UNDERPANTHS,TALES FOR CHILDREN 25/10/2019 Purchase 60.00 823 BAN/R 11703 Books